Truyện ngụ ngôn Isop 1: Cách nhìn mới

保存先:
書誌詳細
フォーマット: 図書
タグ: タグ追加
タグなし, このレコードへの初めてのタグを付けませんか!
Thư viện lưu trữ: Mạng thư viện Đại học Đà Nẵng
LEADER 00429nam a22001691a 4500
001 000037149
003 13444
005 20160412015145.0
008 160412s0 000
082 |a 4T(TK)18 
245 |a Truyện ngụ ngôn Isop 1: Cách nhìn mới  |c Kheereebun 
OWN |a LNN 
999 |a From the UDN01 
TYP |a Monograph 
980 |a Mạng thư viện Đại học Đà Nẵng